Paroles - Offishal (Ambiance Skandal) - Statistiques

Statistiques générales
  • Ce quiz a été pris 72 fois
  • Le résultat moyen est 217 sur 364
Statistiques - réponses
Réponse % Correct
a
98%
à
98%
de
91%
le
89%
on
89%
On
89%
Ce
87%
ce
87%
est
87%
Offishal
85%
au
83%
Au
83%
soir
83%
nos
81%
limites
79%
la
77%
s'illumine
77%
dans
74%
danse
74%
pas
74%
que
74%
delà
72%
final
72%
Parce
72%
Ambiance
68%
les
68%
Les
68%
Skandal
66%
tu
66%
c'est
64%
C'est
64%
je
64%
nous
64%
petit
64%
connais
62%
en
62%
cheveux
57%
Cheveux
57%
déjà
57%
fais
57%
pour
57%
chaussettes
55%
gominés
55%
Parle
55%
son
55%
subliminal
55%
une
55%
Champion
53%
comme
53%
Comme
53%
crocos
53%
dansent
53%
dedans
53%
Français
53%
suis
53%
tontons
53%
ça
51%
et
51%
idée
51%
mauvaise
51%
tous
51%
Tous
51%
voit
51%
y
51%
Bon
49%
dehors
49%
même
49%
qu'au
49%
t'as
49%
va
49%
combo
47%
Max
47%
Air
45%
avant
45%
sur
45%
il
43%
impressioner
43%
sac
43%
sans
40%
bras
38%
d'les
38%
j'étais
38%
mit
38%
persévère
38%
réaliser
38%
y'a
38%
aujourd'hui
36%
Champions
36%
colliers
36%
croisés
36%
deux
36%
maintenant
36%
ou
36%
qu'il
36%
rêves
36%
ses
36%
Survêt
36%
9.7
34%
Apprends
34%
connaître
34%
d'nous
34%
écrit
34%
Laisse
34%
mais
34%
nerfs
34%
non
34%
pénaliser
34%
perde
34%
recale
34%
des
32%
frère
32%
Frérot
32%
l'or
32%
scintillent
32%
avec
30%
donc
30%
Hier
30%
ils
30%
rentrer
30%
fait
28%
eux
26%
fictif
26%
imitent
26%
Physio'
26%
rien
26%
sont
26%
brille
23%
chez
23%
gentils
23%
hey
23%
l'action
23%
méchants
23%
party
23%
simule
23%
spots
23%
Ouais
21%
permis
21%
s'infiltre
21%
chaînes
19%
coups
19%
dit
19%
faire
19%
j'ai
19%
l'équipe
19%
n'y
19%
soirs
19%
tant
19%
type
19%
allemand
17%
bolide
17%
défie
17%
bigdeal
15%
mmh
15%
Schumacher
15%
victimes
15%
zic
15%
Bloodsport
13%
évident
13%
Quand
13%
s'implique
13%
vermines
13%
vite
13%
fout
11%
têtes
11%
verdict
11%
verre
11%
veut
11%
vide
11%
j'arrive
9%
zer-mi
9%
Aucun
6%
déclassés
6%
(x4)
0%
Aucun quiz correspondant
Distribution des résultats
% des personnes avec chaque résultat
Percentile par nombre de réponses
Votre historique - résultats
Vous n’avez pas pris ce quiz